Normal view
MARC view
- time-series analysis. Economics
Entry Topical Term
001 - CONTROL NUMBER
- control field: 1709
003 - CONTROL NUMBER IDENTIFIER
- control field: JO-AjAnu
005 - DATE AND TIME OF LATEST TRANSACTION
- control field: 20230606070601.0
008 - FIXED-LENGTH DATA ELEMENTS
- fixed length control field: 230606|| aca||aabn | a|a d
040 ## - CATALOGING SOURCE
- Original cataloging agency: JO-AjAnu
- Transcribing agency: JO-AjAnu
150 ## - HEADING--TOPICAL TERM
- Topical term or geographic name entry element: time-series analysis. Economics
670 ## - SOURCE DATA FOUND
- Source citation: Work cat.: (JO-AjAnu)902: Tsay,Ruey S, author 1708, Analysis of Financial Time Series